000 00333nam a2200145Ia 4500
008 150201s2002 xx 000 0 und d
082 _a540
_bC02I
100 _aINAMDAR , MADHURI
245 _aCHEMISTRY FOR NURSES
250 _a1ST
260 _bVORA PUB.
_aMUMBAI
_c2002
300 _a106
650 _aCHEMISTRY
942 _2ddc
_cBK
999 _c1883
_d1883